000 00297nam a22001337a 4500
008 170505b xxu||||| |||| 00| 0 eng d
020 _a9780735594425
041 _aeng
080 _28 ED
_a34
100 _a14
101 _ashj
245 _aECONOMIC LAW ANALYSIS
_cKLUWER.W
942 _2udc
_cBK
999 _c12810
_d12810